000 01026cam a22002771 4500
001 gs 23000150
003 DLC
005 20260227111327.0
008 770317s1923 dcuab b f000 0 eng c
010 _ags 23000150
040 _aU.S. Geol. Survey. Library (200) E no. 745
_cak
_dDLC
043 _an-us-ak
050 0 0 _aQE75
_b.B9 no. 745
051 _aTN24.A4
_bM5 copy undetermined
051 _aTN24.A4
_bM5
_cCopy 2.
100 1 _aMoffit, Fred H.
_q(Fred Howard),
_d1874-1958?
245 1 4 _aThe Kotsina-Kuskulana district, Alaska,
_cby Fred H. Moffit and J. B. Mertie, jr.
260 _aWashington,
_bGovt. print. off.,
_c1923.
300 _aix, 149 p.
_billus., XIX pl. (part fold.; incl. maps) fold. tables.
_c23 cm.
490 0 _a[United States.] Geological survey. Bulletin 745
500 _aAt head of title: Department of the interior.
500 _aTwo maps folded in pocket.
504 _aBibliographical foot-notes.
650 0 _aGeology
_zAlaska.
700 1 _aMertie, John Beaver,
_d1888-
_ejoint author.
999 _c26233
_d26233